| 000 | 00492nam a2200169 i 4500 | ||
|---|---|---|---|
| 001 | 95336 | ||
| 003 | ES-MaACL | ||
| 005 | 20230906181701.0 | ||
| 007 | t| | ||
| 008 | 050526s1969 sp ||||1| spa d | ||
| 100 | 1 |
_aLyonnet, André. _974952 |
|
| 245 | 1 | 0 |
_a¿A quién iremos? / _cAndré Lyonnet; [versión de Pedro Darnell]. |
| 260 |
_aBarcelona : _bLitúrgica española, _c1969. |
||
| 300 |
_a191 p. ; _c19 cm. |
||
| 700 | 1 |
_aDarnell, Pedro. _942741 |
|
| 852 |
_aES-MaACL _jC-51213 _bR.69197 |
||
| 999 |
_c95336 _d95336 |
||